| 000 | 00558nam a22002057a 4500 | ||
|---|---|---|---|
| 003 | CEME | ||
| 005 | 20210628205348.0 | ||
| 008 | 210127b xxu||||| |||| 00| 0 eng d | ||
| 020 | _a0-07-239364-5 | ||
| 040 | _c. | ||
| 082 | _a617.1027 BOO | ||
| 100 |
_aBooher, James M _975130 |
||
| 245 | _aAthletic injury assessment | ||
| 250 | _a4TH | ||
| 260 |
_aNEW YORK _bMCGRAW HILL _c2004 |
||
| 300 | _aXI,516P | ||
| 650 |
_aSPORTS, ACCIDENTS AND INJURIES, PHYSICAL DIAGNOSIS.SPORTS MEDICINE _975131 |
||
| 700 |
_aTHIBODEAU, GARY A _975132 |
||
| 942 |
_cBK _2ddc |
||
| 999 |
_c580612 _d580612 |
||